Every City to Host a World Cup Match - Statistics

General Stats
  • This quiz has been taken 66 times
  • The average score is 77 of 161
Answer Stats
Answer Years Hosted % Correct
Berlin 1974, 2006
95%
Colombes (Paris Area) 1938
92%
Montevideo 1930
92%
Paris 1938, 1998
92%
Rio de Janeiro 1950, 2014
92%
Rome 1934, 1990
92%
Saint-Denis (Paris Area) 1998
92%
London 1966
90%
Milan 1990
90%
São Paulo 1950, 2014
90%
Buenos Aires 1978
89%
Incheon (Seoul area) 2002
89%
Saitama (Tokyo area) 2002
89%
Seoul 2002
89%
Mexico City 1970, 1986
87%
Nezahualcóyotl (Mexico City Area) 1986
87%
Brasília 2014
85%
Manchester 1966
85%
Moscow 2018
85%
Munich 1974, 2006
85%
Madrid 1982
84%
Naples 1934, 1990
84%
Marseille 1938, 1998
82%
Barcelona 1982
80%
Liverpool 1966
80%
Turin 1934, 1990
80%
East Rutherford (New York City Area) 1994
79%
Hamburg 1974, 2006
79%
Lyon 1998
79%
Pasadena (Los Angeles Area) 1994
79%
Saint Petersburg 2018
79%
Valencia 1982
77%
Birmingham 1966
75%
Dortmund 1974, 2006
75%
Solna (Stockholm Area) 1958
75%
Guadalajara 1970, 1986
74%
Seville 1982
74%
Zapopan (Guadalajara Area) 1986
74%
Bern 1954
72%
Cologne 2006
70%
Florence 1934, 1990
70%
Frankfurt 1974, 2006
70%
Dallas 1994
69%
Zürich 1954
69%
Genoa 1934, 1990
67%
Malmö 1958
67%
Osaka 2002
67%
Stuttgart 1974
67%
Chicago 1994
66%
Palermo 1990
66%
Belo Horizonte 1950, 2014
64%
Bilbao 1982
64%
Johannesburg 2010
64%
Santiago 1962
64%
Stanford (San Francisco Bay Area) 1994
64%
Bordeaux 1938, 1998
62%
Cape Town 2010
62%
Foxborough (Boston Area) 1994
62%
Washington, D.C. 1994
62%
Düsseldorf 1974
59%
Leipzig 2006
59%
Rosario 1978
59%
Toulouse 1938, 1998
59%
Manaus 2014
57%
Pretoria 2010
57%
Bari 1990
56%
Córdoba 1978
56%
Gothenburg 1958
56%
Monterrey 1986
56%
San Nicolás de los Garza (Monterrey area) 1986
56%
Strasbourg 1938
56%
Bologna 1934, 1990
54%
Geneva 1954
54%
Nantes 1998
54%
Pontiac (Detroit Area) 1994
54%
Basel 1954
52%
Nuremberg 2006
52%
Hanover 1974, 2006
51%
Montpellier 1998
51%
Málaga 1982
49%
Porto Alegre 1950, 2014
49%
Recife 1950, 2014
49%
Sapporo 2002
49%
Sheffield 1966
49%
Verona 1990
49%
Durban 2010
46%
Sochi 2018
46%
Yokohama 2002
44%
A Coruña 1982
43%
Kazan 2018
43%
Cagliari 1990
41%
Fortaleza 2014
41%
Gijón 1982
41%
Nizhny Novgorod 2018
41%
Rostov-on-Don 2018
41%
Yekaterinburg 2018
41%
Saint-Étienne 1998
39%
Salvador 2014
39%
Vigo 1982
39%
Zaragoza 1982
39%
Curitiba 1950, 2014
38%
Bloemfontein 2010
36%
Gelsenkirchen 1974, 2006
36%
Lausanne 1954
36%
Orlando 1994
36%
Puebla 1970, 1986
36%
Volgograd 2018
34%
Kobe 2002
33%
Port Elizabeth 2010
33%
Sunderland 1966
33%
Kaliningrad 2018
31%
Mendoza 1978
31%
Alicante 1982
30%
Lens 1998
30%
Léon 1970, 1986
28%
Reims 1938
28%
Udine 1990
28%
Lugano 1954
26%
Daegu 2002
25%
Natal 2014
25%
Oviedo 1982
25%
Samara 2018
25%
Valladolid 1982
25%
Middlesbrough 1966
23%
Toluca 1970, 1986
21%
Cuiabá 2014
20%
Le Havre 1938
20%
Kaiserslautern 2006
18%
Mar del Plata 1978
18%
Gwangju 2002
16%
Norrköping 1958
16%
Örebro 1958
16%
Daejeon 2002
15%
Helsingborg 1958
15%
Trieste 1934
15%
Ulsan 2002
15%
Querétaro 1986
11%
Suwon 2002
11%
Västerås 1958
11%
Viña del Mar 1962
11%
Arica 1962
10%
Elche 1982
10%
Halmstad 1958
10%
Polokwane 2010
8%
Rustenburg 2010
8%
Niigata 2002
7%
Rancagua 1962
7%
Shizuoka 2002
7%
Borås 1958
5%
Eskilstuna 1958
5%
Kashima 2002
5%
Nelspruit 2010
5%
Saransk 2018
5%
Irapuato 1986
3%
Miyagi 2002
3%
Ōita 2002
3%
Jeonju 2002
2%
Sandviken 1958
2%
Seogwipo 2002
2%
Uddevalla 1958
2%
Busal 2002
0%
No matching quizzes found
Score Distribution
Percent of People with Each Score
Percentile by Number Answered
Your Score History
You have not taken this quiz